| 000 | 00921nam a22002897i 4500 | ||
|---|---|---|---|
| 003 | EG-ScBUE | ||
| 005 | 20220721110725.0 | ||
| 008 | 200219t1998 si o f 000 0 eng d | ||
| 020 | _a9789814328821 | ||
| 040 |
_aEG-ScBUE _beng _erda _cEG-ScBUE _dEG-ScBUE |
||
| 043 | _aa-si--- | ||
| 082 | 0 | 4 |
_222 _a959.5705092 _bSIN |
| 245 | 0 | 4 |
_aThe Singapore story : _bmemoirs of Lee Kuan Yew 1923-2015. |
| 264 | 1 |
_aSingapore : _bPrentice-Hall, _c[1998] |
|
| 264 | 4 | _cc1998 | |
| 300 |
_a680 pages : _bphotographs ; _c28 cm |
||
| 336 |
_2rdacontent _atext _btxt |
||
| 337 |
_2rdamedia _aunmediated _bn |
||
| 338 |
_2rdacarrier _avolume _bnc |
||
| 600 | 7 |
_aLee, Kuan Yew, _d1923-2015. _2BUEsh |
|
| 650 | 7 |
_aPrime ministers _zSingapore _vBiography. _2BUEsh |
|
| 651 | 7 |
_aSingapore _xPolitics and government. _2BUEsh |
|
| 653 |
_bGGEN _cJuly2022 |
||
| 655 |
_vReading book _934232 |
||
| 942 |
_2ddc _cBB |
||
| 999 |
_c29904 _d29875 |
||